000 01562cac a2200409 i 4500
003 EG-GICUC
005 20260121101545.0
008 970512s1997 enka frb 001 0 eng d
020 _a0471975648
020 _a0471975656
_qpbk.
020 _a9780471975649
020 _a9780471975656
_q(pbk.)
040 _aDLC
_cDLC
_dDLC
_beng
_erda
050 0 0 _aHV6080
_b.O45 1997
082 0 0 _a343.61
_221
092 0 4 _221
099 _aLaw 10 1997
245 0 0 _aOffender profiling :
_btheory, research and practice /
_cedited by Janet L. Jackson, Debra A. Bekerian.
264 _aChichester, UK ;
_aNew York :
_bWiley,
_c1997.
300 _axiv, 239 page :
_billustrations ;
_c24 cm.
336 _atext
_btxt
_2rdacontent
337 _aunmediated
_bn
_2rdamedia
338 _avolume
_bnc
_2rdacarrier
440 0 _aWiley series in psychology of crime, policing, and law
504 _aIncludes bibliographical references (p. [221]-233) and index.
650 0 _aCriminal behavior, Prediction of.
650 0 _aCriminal investigation
_xPsychological aspects.
650 0 _aCriminal behavior
_xResearch
_xMethodology.
650 0 _aCriminal methods
_xResearch
_xMethodology.
700 1 _aJackson, Janet L.,
_eeditor.
700 1 _aBekerian, Debra Anne,
_eeditor.
856 4 2 _uhttps://fll.law.cu.edu.eg/fulltext/bks/ENGB10-00109.pdf
856 4 2 _3Publisher description
_uhttp://www.loc.gov/catdir/description/wiley033/97017402.html
856 4 _3Table of Contents
_uhttp://www.loc.gov/catdir/toc/onix04/97017402.html
905 _a10
942 _2ddc
_cBK
_e21
_n0
999 _c52956
_d52956